000 00601cam a2200193 4500500
005 20260405000857.0
041 _afre
042 _adc
100 1 0 _aNassif, Philippe
_eauthor
245 0 0 _aVincent Peillon: “Il faut armer spirituellement la gauche”
260 _c2010.
500 _a24
690 _aPolitique
690 _aReligion
690 _aSpiritualisme
690 _aVincent Peillon
786 0 _nPhilosophie magazine | 36 | 2 | 2010-02-01 | p. 7-8 | 1951-1787
856 4 1 _uhttps://shs.cairn.info/magazine-philosophie-magazine-2010-2-page-7?lang=fr&redirect-ssocas=7080
999 _c2041713
_d2041713